000 00763cam a22002531 4500
001 5970
003 BD-RjUL
005 20211208234149.0
008 711206r19661955enka 001 0 engdd
035 _a(BD-RjUL)6009
035 _a(OCoLC)179104
040 _aDLC
_cODaWU
_dNGvP
_dDLC
_d(BD-RjUL)
_beng
041 _aeng
082 0 4 _a382
_bMET
100 1 _aMeade, J. E.
_q(James Edward),
_d1907-1995.
_96416
245 1 0 _aTrade and welfare /
260 _aLondon : New York,
_bOxford University Press,
_c1955. [Reprent 1966]
300 _axiv, 618 p.
_bdiagrs., tables.
_c23 cm.
490 0 _a The theory of international economic policy,
_vv. 2
650 0 _aCommercial policy.
_96899
942 _2ddc
_cBK
999 _c5970
_d5970